Gran Convención del Partido Liberal Democrático reunida en Santiago el día 27 de noviembre de 1896
Uloženo v:
| Korporativní autor: | |
|---|---|
| Médium: | Kniha |
| Jazyk: | španělština |
| Vydáno: |
Santiago
Imprenta La Nueva República
1897
|
| Vydání: | 1a. ed |
| Témata: | |
| Tagy: |
Přidat tag
Žádné tagy, Buďte první, kdo vytvoří štítek k tomuto záznamu!
|
MARC
| LEADER | 00000nam a2200000 a 4500 | ||
|---|---|---|---|
| 001 | UCJ5275 | ||
| 003 | CL-VaPUC | ||
| 008 | 070124e18970000CL |||||||||||||||||spa|d | ||
| 082 | 0 | 4 | |a 983 |b PAR |2 21 |
| 110 | 2 | |a Partido Liberal Democratico |e author |9 510295 | |
| 245 | 1 | 0 | |a Gran Convención del Partido Liberal Democrático reunida en Santiago el día 27 de noviembre de 1896 |
| 250 | |a 1a. ed | ||
| 300 | |a 58 p | ||
| 942 | |c BK | ||
| 945 | |d 20070124 00:00:00 |a rinostro | ||
| 260 | |a Santiago |b Imprenta La Nueva República |c 1897 | ||
| 500 | |a Empastado en un volumen rotulado Convenciones de Partidos; ubicado en 983 PAR | ||
| 600 | 0 | 7 | |a PARTIDO LIBERAL DEMOCRATICO |2 CL-VaPUC |9 508270 |
| 600 | 0 | 7 | |a BAÑADOS ESPINOSA, JULIO |2 CL-VaPUC |9 504616 |
| 600 | 0 | 7 | |a BALMACEDA, RAFAEL |2 CL-VaPUC |9 506699 |
| 650 | 0 | |a Partidos políticos |9 254999 | |
| 650 | 0 | |a Discursos políticos |9 373524 | |
| 650 | 0 | |a Historia de Chile |9 265473 | |
| 583 | |a last modification |c 20070124 00:00:00 |k Rodrigo Vera | ||
| 999 | |c 321385 |d 321383 | ||
| 952 | |0 0 |1 0 |4 0 |6 983_000000000000000_PAR_1897 |7 0 |8 X |9 400109 |a FDOBUD |b FDOBUD |d 2019-11-22 |i 1032305 |o 983 PAR 1897 |p 1032305 |r 2019-11-22 |w 2019-11-22 |y BK_X |k BUD | ||